| 000 -LEADER |
| fixed length control field |
00781nam a22001817a 4500 |
| 005 - DATE AND TIME OF LATEST TRANSACTION |
| control field |
20231117162622.0 |
| 008 - FIXED-LENGTH DATA ELEMENTS--GENERAL INFORMATION |
| fixed length control field |
231117s1986 ru ||||| |||| 00| 0 rus d |
| 041 ## - LANGUAGE CODE |
| Language code of text/sound track or separate title |
rus |
| 080 ## - UNIVERSAL DECIMAL CLASSIFICATION NUMBER |
| Universal Decimal Classification number |
821.124'01=161.1 С-31 |
| 100 ## - MAIN ENTRY--PERSONAL NAME |
| Personal name |
Сенека, Луций Анней |
| 9 (RLIN) |
20426 |
| 245 ## - TITLE STATEMENT |
| Title |
Нравственные письма к Луцилию : |
| Remainder of title |
Трагедии / |
| Statement of responsibility, etc. |
Луций Анней Сенека; Перевод с латинского С. Ошерова. |
| 264 ## - PRODUCTION, PUBLICATION, DISTRIBUTION, MANUFACTURE, AND COPYRIGHT NOTICE |
| Place of production, publication, distribution, manufacture |
М. : |
| Name of producer, publisher, distributor, manufacturer |
Художественная литература, |
| Date of production, publication, distribution, manufacture, or copyright notice |
1986. |
| 300 ## - PHYSICAL DESCRIPTION |
| Extent |
541 с.; |
| Other physical details |
21 см. |
| 440 ## - SERIES STATEMENT/ADDED ENTRY--TITLE |
| Title |
Библиотека античной литературы |
| 9 (RLIN) |
20427 |
| 653 ## - INDEX TERM--UNCONTROLLED |
| keyword |
მორალური წერილები |
| 653 ## - INDEX TERM--UNCONTROLLED |
| keyword |
ტრაგედიები |
| 942 ## - ADDED ENTRY ELEMENTS (KOHA) |
| Source of classification or shelving scheme |
|
| Koha item type |
წიგნი |